| 000 | 00501cam a2200181 a 4500 | ||
|---|---|---|---|
| 020 | _a0070384436 (pbk. : alk. paper) | ||
| 040 | _cDLC | ||
| 082 | 0 | 0 | _a005 LRW 1998 A004 Or. |
| 245 | 0 | 0 | _aInteractive computing software skills. |
| 246 | 3 | 0 | _aMicrosoft Excel 97 |
| 260 |
_aBoston : _bIrwin McGraw-Hill, _cc1998. |
||
| 300 |
_axi, 148 p. : _bill. ; _c28 cm. |
||
| 500 | _aIncludes index. | ||
| 650 | 0 | _aBusiness | |
| 650 | 0 | _aElectronic spreadsheets. | |
| 700 | 1 | _aLaudon, Kenneth C., | |
| 942 | _cEK | ||
| 999 |
_c16406 _d16406 |
||